Statistics for Geography Crossword Puzzle

Click here to take the quiz!

General Stats

  • This quiz has been taken 218 times
  • The average score is 5 of 10

Answer Stats

Hint H % Correct
The largest desert in East AsiaGOBI
88%
A Chilean island famous for the moai statuesEASTER
85%
One of the Great LakesHURON
73%
A city in the UK and AustraliaPERTH
60%
A mountain range in the Maghreb (northern Africa)ATLAS
55%
The largest lake in the Chad Basin: Lake...CHAD
52%
South Ossetia and Abkhazia are de iure part of...GEORGIA
47%
AOTEAROA
18%
A strait between Mexico and CubaYUCATÁN
17%
new zealand
13%

Score Distribution

Percentile by Number Answered

Percent of People with Each Score

Your Score History

You have not taken this quiz